000 00491nam a2200205Ia 4500
005 20250923144239.0
008 008 250917s9999 xx 000 0 eng d
037 _aTextual
040 _aDSWL
_beng
_cDSWL
041 _aeng
_2eng
084 _qDSWL
100 _aKynnersley, T.R.S
_9822804
245 0 _aRead for India
_cby T.R.S Kynnersley
260 _c1945
300 _a55 p.
365 _aINR
_b1
925 _g1
942 _cTEXL
999 _c1436551
_d1436551